[Event "Airthings Masters Preliminary"]
[Site "Online"]
[Date "2020.12.23"]
[Round "5.6"]
[White "Nepomniachtchi, Ian"]
[Black "Aronian, Levon"]
[Result "1/2-1/2"]
[WhiteElo "2784"]
[BlackElo "2781"]
[Annotator "TA"]
[PlyCount "102"]
[EventDate "2020.12.26"]
[EventType "tourn"]
[EventCountry "NET"]
[SourceTitle "playchess.com"]
[Source "ChessBase"]
[SourceQuality "1"]

{[%evp 14,102,0,-4,0,0,0,0,0,0,0,0,0,0,0,0,0,0,0,0,0,0,0,12,30,31,30,27,33,30,33,33,29,31,39,22,37,32,26,26,27,13,13,13,13,13,13,0,0,0,7,0,0,4,22,22,22,22,22,22,30,30,30,12,12,12,17,17,17,0,0,0,0,0,44,44,44,44,44,44,44,44,44,8,8,8,73,8,8,-8,-8]} 1. e4 e5 2. Nf3 Nc6 3. d4 exd4 4. Nxd4 Nf6 5. Nxc6 bxc6 6. e5 Qe7 7. Qe2 Nd5 8. h4 d6 {C45: Scotch Game.} (8... f6 9. c4 Ba6 10. Rh3 fxe5 11. Bg5 Nf6 12. Re3 d6 13. Qf3 Qd7 14. Nc3 Be7 15. Bd3 O-O 16. Bf5 Qe8 17. Be6+ Kh8 18. Qh3 Bc8 19. O-O-O Bxe6 20. Qxe6 h6 21. f4 exf4 {0-1 (30) Nepomniachtchi,I (2784)-Aronian,L (2781) Chess.com INT 2020}) 9. c4 Nb6 10. exd6 cxd6 $1 {10...cxd6 is better than 10...Qxe2+.} 11. Nc3 Be6 12. b3 $1 d5 13. cxd5 Nxd5 14. Bb2 Qb4 {[#]} 15. Qc4 $146 ({Predecessor:} 15. Qa6 Rc8 16. Rc1 Bc5 17. Bc4 O-O 18. O-O Qb8 19. Bxd5 cxd5 20. Ne2 Bg4 21. Nd4 {1-0 (46) Tukhaev,A (2516)-Rajesh,V (2351) Mumbai 2017}) 15... Qxc4 16. Bxc4 Bb4 17. Bxd5 Bxd5 18. O-O-O Bxc3 19. Bxc3 f6 20. Rd4 Kf7 21. f3 Rhe8 22. Re1 h5 23. Ra4 a6 24. Kd2 Red8 25. Ke3 Be6 26. Rc1 Rd5 27. Bd4 Rad8 28. Rc5 Rxc5 29. Bxc5 $11 {[%mdl 4096] Endgame KRB-KRB} Rd5 30. Bd4 (30. Bb6 {with more complications.} Bc8 31. Rc4 Bd7 32. Bc7 g5 33. Ra4) 30... c5 31. Bb2 Rd6 32. Ba3 Rc6 33. Kd3 Bd7 {[#] Strongly threatening ...Rd6+.} 34. Ra5 Rd6+ 35. Kc3 Bb5 36. Bxc5 Rd5 37. Bd4 {[#] a4 is the strong threat.} Ke6 38. b4 g5 39. a4 Bf1 40. Rxd5 Kxd5 {KB-KB} 41. g4 hxg4 42. h5 {Hoping for h6.} ({Not} 42. fxg4 $2 gxh4 43. Bg1 Ke4 $19) 42... Ke6 $1 ({Don't blunder} 42... gxf3 $2 43. h6 $18) 43. fxg4 Be2 44. h6 Kf7 45. h7 Kg7 46. Bxf6+ Kxh7 47. Bxg5 Bxg4 48. b5 axb5 49. axb5 Bf3 (49... Kg6 $11 {keeps the balance.}) 50. b6 ({Better is} 50. Kd4 $16) 50... Kg6 51. b7 Bxb7 {Weighted Error Value: White=0.06/Black=0.06} 1/2-1/2

[Event "Airthings Masters Preliminary"]
[Site "Online"]
[Date "2020.12.23"]
[Round "6.1"]
[White "Vachier-Lagrave, Maxime"]
[Black "Aronian, Levon"]
[Result "1/2-1/2"]
[WhiteElo "2784"]
[BlackElo "2781"]
[Annotator "TA"]
[PlyCount "113"]
[EventDate "2020.12.26"]
[EventType "tourn"]
[EventCountry "NET"]
[SourceTitle "playchess.com"]
[Source "ChessBase"]
[SourceQuality "1"]

{[%evp 12,113,34,20,30,14,24,0,0,0,0,0,0,0,0,0,0,0,0,0,0,0,16,15,19,-4,0,-2,0,-7,0,0,0,0,0,0,-6,0,0,0,0,-7,-13,-23,-41,-41,0,0,0,19,14,0,316,278,175,21,18,0,0,0,0,0,0,0,0,0,0,0,0,0,0,0,0,0,0,0,0,0,0,0,0,0,0,0,0,0,0,0,0,0,0,0,0,0,0,0,0,0,0,0,0,0,0,0]} 1. c4 Nf6 2. Nc3 e6 3. e4 d5 4. e5 d4 5. exf6 dxc3 6. bxc3 Qxf6 7. Nf3 Nc6 {7...b6 is a critical line. A18: English Opening: Flohr-Mikenas System (1 c4 Nf6 2 Nc3 e6 3 e4).} 8. d4 e5 9. Bg5 Qg6 {...e4 is the strong threat.} 10. d5 Nb8 11. h4 h6 12. h5 Qa6 13. Be3 Nd7 14. Bd3 Ba3 15. O-O Qd6 16. Nh4 O-O 17. Nf5 Qf6 {[#]} 18. Bc2 $146 ({Predecessor:} 18. Ng3 Qh4 {½-½ (20) Anand,V (2782)-Karjakin,S (2760) London 2017}) 18... Re8 19. g4 Bc5 20. Qf3 $1 e4 21. Bxe4 Ne5 22. Qf4 Bxe3 23. fxe3 Qg5 24. Qxg5 hxg5 25. d6 Bxf5 26. Rxf5 c6 27. c5 Nxg4 28. Bf3 Nh6 (28... Ne5 $15 29. Rf1 f6) 29. Rxg5 $11 {And now Kf2 would win.} Rxe3 30. Kf2 Rxc3 31. Rb1 b6 {[%mdl 8192]} (31... f6 $11 32. Rg2 Rxc5) 32. Bxc6 $18 Rd8 {[#]} 33. d7 $2 (33. Re1 $1 $18 {Strongly threatening d7.} f6 34. Re8+ (34. Bd5+ $2 Kf8 $19) 34... Rxe8 35. Bxe8 bxc5 {[#]} 36. Bg6 $1) 33... f6 $1 $11 {[%cal Rf6g5] The position is equal.} 34. Re1 {aiming for Re8+.} Rc2+ 35. Kf1 {Hoping for Re8+.} Rxd7 $1 36. Bxd7 fxg5 {[%mdl 4096] Endgame KRB-KRN} 37. c6 Kf7 38. Re3 g4 39. Ra3 a5 40. Rb3 Ke7 41. a3 Kd6 (41... Rc5 {with more complications.} 42. Rxb6 Rxh5 43. Rb7 Rc5 44. Bxg4+ Kd6) 42. Rxb6 Nf7 (42... Rc5 {is interesting.} 43. Rb7 Rxh5 44. Be8 Rh3 45. Rxg7 Nf5) 43. Bxg4 Rxc6 44. Rb7 Rc7 45. Rb3 Ne5 46. Be2 g6 47. Rb6+ Kc5 48. Rb5+ Kd4 49. hxg6 (49. h6 {seems wilder.} Rh7 50. Rxa5 Rxh6 51. Kg2 g5 52. Rb5) 49... Nxg6 50. Rxa5 Nf4 51. Bg4 (51. a4 {feels hotter.} Rc1+ 52. Kf2 Nxe2) 51... Rc2 52. Ra8 Ra2 53. Rd8+ Ke3 54. Re8+ Kd4 55. Rd8+ Ke3 56. Re8+ Kd4 57. Rd8+ {Weighted Error Value: White=0.07/Black=0.14} 1/2-1/2

[Event "Airthings Masters Preliminary"]
[Site "Online"]
[Date "2020.12.23"]
[Round "6.2"]
[White "So, Wesley"]
[Black "Nepomniachtchi, Ian"]
[Result "1/2-1/2"]
[WhiteElo "2770"]
[BlackElo "2784"]
[Annotator "TA"]
[PlyCount "49"]
[EventDate "2020.12.26"]
[EventType "tourn"]
[EventCountry "NET"]
[SourceTitle "playchess.com"]
[Source "ChessBase"]
[SourceQuality "1"]

{[%evp 23,49,8,32,26,22,20,20,0,0,0,3,0,0,0,0,0,0,0,0,-17,0,0,0,0,0,0,0,0]} 1. d4 Nf6 2. c4 g6 3. Nc3 d5 4. cxd5 Nxd5 5. e4 Nxc3 6. bxc3 Bg7 7. Nf3 c5 8. Rb1 O-O 9. Be2 cxd4 10. cxd4 Qa5+ 11. Bd2 Qxa2 12. O-O Bg4 13. Rxb7 {13.Be3 is the modern continuation. D85: Exchange Grünfeld: Unusual White 7th moves and lines with 7 Nf3.} (13. Be3 Nc6 14. d5 Na5 15. Bg5 Qa3 16. Re1 Bxf3 17. Bxf3 Qd6 18. e5 Bxe5 19. Qe2 Bf6 20. Bd2 Qd8 21. d6 Nc6 22. dxe7 Qxe7 23. Qxe7 Nxe7 {½-½ (23) So,W (2760)-Nepomniachtchi,I (2767) Jerusalem 2019}) 13... Bxf3 14. Bxf3 {[#] aiming for e5.The position is equal.} Bxd4 15. e5 Na6 {[%cal Bb8a6,Ba6c5,Bc5d3,Bd3e1][%mdl 32]} 16. Rxe7 Rad8 {Hoping for ...Bc5.} 17. e6 fxe6 {[#] White must now prevent ...Bc5.} 18. Qe1 {[#]} Nc5 $146 ({Predecessor:} 18... Bf6 19. Rxa7 Rxd2 20. Rxa6 Qxa6 21. Qxd2 Qb6 22. g3 Bd4 23. Kg2 Rxf3 24. Kxf3 Qb7+ 25. Ke2 Qe4+ 26. Kd1 Qb1+ 27. Ke2 Qe4+ 28. Kd1 Qb1+ 29. Ke2 Qe4+ {½-½ (29) So,W (2770)-Vachier Lagrave,M (2784) chess24.com INT 2020}) 19. Be3 {Threatens to win with Bxd4.} Nd3 20. Bxd4 Nxe1 21. Rg7+ Kh8 22. Rd7+ Kg8 ({Don't go for} 22... e5 $2 23. Bxe5+ Rf6 24. Bxf6+ Kg8 25. Rxd8+ $18) 23. Rg7+ Kh8 24. Rd7+ Kg8 ({Don't blunder} 24... e5 $2 25. Bxe5+ Rf6 26. Bxf6+ Kg8 27. Rxd8+ $18) 25. Rg7+ {A rather calm draw.  Weighted Error Value: White=0.02/Black=0.02} 1/2-1/2

[Event "Airthings Masters Preliminary"]
[Site "Online"]
[Date "2020.12.23"]
[Round "6.5"]
[White "Dubov, Daniil"]
[Black "Giri, Anish"]
[Result "1-0"]
[WhiteElo "2699"]
[BlackElo "2764"]
[Annotator "TA"]
[PlyCount "83"]
[EventDate "2020.12.26"]
[EventType "tourn"]
[EventCountry "NET"]
[SourceTitle "playchess.com"]
[Source "ChessBase"]
[SourceQuality "1"]

{[%evp 12,83,-4,0,6,4,0,0,0,0,0,3,5,0,0,-7,0,12,18,16,18,14,28,24,23,31,64,64,79,79,79,79,120,123,376,311,312,404,397,398,397,398,406,387,415,427,427,426,426,426,426,417,417,417,383,379,541,541,541,357,541,539,528,513,727,692,5787,5556,6091,6091,6070,5556,5546,5543]} 1. e4 e5 2. Nf3 Nc6 3. Bb5 Nf6 4. O-O Nxe4 5. d4 Nd6 6. dxe5 Nxb5 7. a4 Nbd4 {C67: Ruy Lopez: Berlin Defence: 4 0-0 Nxe4.} 8. Nxd4 d5 9. c3 $5 {[%mdl 4] An interesting side line.} Be7 {The position is equal.} 10. f4 {[#]} O-O $146 ({Predecessor:} 10... f6 11. exf6 Bxf6 12. Nxc6 bxc6 13. Re1+ Kf7 14. Be3 Re8 15. Na3 Bf5 16. Nc2 Qd7 {½-½ (49) Hrebenshchykova,Y (2029)-Doluhanova,E (2293) Lutsk 2019}) 11. Be3 f6 12. Nxc6 bxc6 13. Nd2 Ba6 14. Rf3 fxe5 15. fxe5 Qd7 16. Nb3 Rxf3 17. Qxf3 Rf8 18. Qg3 Qf5 {( -> ...Qf1+!)} 19. h3 Qc2 {[#]} 20. Bc5 $1 Qxb3 21. Bxe7 Rf7 22. Bc5 $40 {[%mdl 128] Black is in trouble.} Bc8 {[%mdl 8192] Black cannot hold the game after this.} ({Avoid the trap} 22... Qxb2 $2 23. Re1 $18) (22... Qc4 $16 23. Bxa7 Qf4) 23. Qg5 {White wants to mate with Qd8+.} h5 24. Qd8+ {[%mdl 64] [#] Double Attack} Kh7 25. Qxc8 Qxb2 26. Rf1 Rxf1+ 27. Kxf1 Qc1+ 28. Kf2 Qd2+ 29. Kg1 Qe1+ 30. Kh2 {Strongly threatening Qf5+.} Qxe5+ 31. Kh1 Qxc3 32. Qf5+ Kg8 33. Bg1 a5 (33... Qc4 {might work better.} 34. Qe6+ Kh7 35. Qf5+ Kg8 36. Qe6+ Kh7) 34. Qxh5 $18 Qc4 35. Qe8+ Kh7 36. Qe5 {White is clearly winning.} c5 37. Qxc7 d4 38. Qxa5 Qc1 {intending ...d3.} 39. Qd8 Qc3 40. a5 {[%cal Ba4a5,Ba5a6,Ba6a7][%mdl 32]} d3 41. a6 {White threatens a7 and mate.} d2 42. a7 {Weighted Error Value: White=0.03/Black=0.24} 1-0

[Event "Airthings Masters Preliminary"]
[Site "Online"]
[Date "2020.12.23"]
[Round "6.6"]
[White "Anton Guijarro, David"]
[Black "Carlsen, Magnus"]
[Result "1/2-1/2"]
[WhiteElo "2675"]
[BlackElo "2862"]
[Annotator "TA"]
[PlyCount "101"]
[EventDate "2020.12.26"]
[EventType "tourn"]
[EventCountry "NET"]
[SourceTitle "playchess.com"]
[Source "ChessBase"]
[SourceQuality "1"]

{[%evp 13,101,0,0,-11,13,15,6,8,17,7,18,0,0,-3,28,20,13,13,19,19,33,44,56,28,22,25,29,6,1,0,9,12,9,0,0,0,0,-6,0,-10,0,0,0,-8,0,0,0,-4,-4,-5,-6,-8,16,15,15,15,16,18,15,11,15,14,16,2,4,0,0,0,4,4,0,0,0,0,0,0,0,0,0,0,0,-8,-8,-8,0,0,0,-4,0,-8]} 1. d4 Nf6 2. c4 e6 3. Nc3 Bb4 4. e3 O-O 5. Bd2 d5 6. Nf3 b6 7. cxd5 exd5 8. Bd3 {E51: Nimzo-Indian: Rubinstein: 4...0-0 5 Nf3 d5.} Ba6 9. Bxa6 Nxa6 10. O-O Re8 11. Rc1 Bf8 12. Ne2 Qc8 {[#]} 13. Qc2 $146 ({Predecessor:} 13. Qa4 c5 14. Ng3 Qb7 15. dxc5 Nxc5 16. Qb5 Rac8 17. Rfd1 a6 18. Qf1 Nfe4 19. Be1 {½-½ (30) Aronian,L (2767)-Carlsen,M (2863) Stavanger 2020}) 13... c5 14. dxc5 bxc5 15. Bc3 Ne4 16. Rfd1 Qb7 17. Nf4 Rad8 18. Qa4 Nxc3 19. bxc3 Nc7 $1 20. Rb1 Qa8 {The position is equal.} 21. c4 d4 22. exd4 cxd4 23. h3 (23. Rxd4 $2 Rxd4 24. Nxd4 Qe4 $19) 23... Ne6 24. Nxe6 Rxe6 25. Qc2 Rg6 {And now ...Qxf3 would win.} 26. Qf5 {next Ng5 is good for White.} h6 27. Rb5 Rf6 28. Qd3 Ra6 29. Rd2 Ra3 30. Qf5 Qc8 31. Qxc8 ({Not} 31. Nxd4 $2 Qxc4 32. Qg4 {[#]} Rxd4 $1 $19 {[%mdl 512]}) ({Wrong is} 31. Rxd4 $2 Qxf5 32. Rxf5 Rxf3 $1 $19 {[%mdl 512]}) 31... Rxc8 32. Nxd4 Rxc4 33. Rb8 {Hoping for Nf5.} Rac3 34. Nb5 Rc1+ 35. Kh2 {Black must now prevent Rdd8.} Rc8 {[%cal Rc8b8]} 36. Rxc8 Rxc8 37. Nxa7 $11 {[%mdl 4096] Endgame KRB-KRN} Rc5 38. g4 h5 39. Kg2 hxg4 40. hxg4 g6 41. Rb2 Rc4 42. f3 Ba3 43. Re2 Rc5 44. Kg3 Kg7 45. Kf4 Kf6 46. Ke4 Kg5 47. Rg2 Rc4+ 48. Kd5 Rc5+ 49. Ke4 Rc4+ 50. Kd5 Rc5+ 51. Ke4 {Weighted Error Value: White=0.04/Black=0.04} 1/2-1/2

[Event "Airthings Masters Preliminary"]
[Site "Online"]
[Date "2020.12.23"]
[Round "7.1"]
[White "Carlsen, Magnus"]
[Black "Vachier-Lagrave, Maxime"]
[Result "1/2-1/2"]
[WhiteElo "2862"]
[BlackElo "2784"]
[Annotator "TA"]
[PlyCount "82"]
[EventDate "2020.12.26"]
[EventType "tourn"]
[EventCountry "NET"]
[SourceTitle "playchess.com"]
[Source "ChessBase"]
[SourceQuality "1"]

{[%evp 9,82,31,43,12,19,11,12,18,14,12,24,18,10,11,14,16,42,22,22,21,22,22,39,28,30,28,32,27,40,40,44,40,40,33,47,39,47,47,47,47,58,59,62,62,62,28,28,20,62,62,62,28,28,28,28,28,28,28,28,28,28,28,28,28,28,28,28,28,28,0,28,0,28,0,28]} 1. Nf3 Nf6 2. c4 g6 3. Nc3 d5 4. cxd5 Nxd5 5. h4 Nxc3 6. dxc3 {A16: English Opening: 1...Nf6 with ...d5.} (6. bxc3 {looks sharper.} Bg7 7. e3 Nc6 8. h5 Qd5 9. Qa4) 6... Qxd1+ 7. Kxd1 f6 8. h5 g5 9. e4 e5 {[#]} 10. Nh2 $146 ({Predecessor:} 10. Be3 Nd7 11. Bc4 Nc5 12. Nd2 Bd7 13. Kc2 b5 14. Be2 a5 15. g4 Bd6 16. f3 {½-½ (28) Nisipeanu,L (2673)-Sutovsky,E (2689) Austria 2018}) 10... Be6 11. Be2 Nd7 {[%cal Bb8d7,Bd7c5,Bc5a4][%mdl 32]} 12. Bg4 Kf7 13. Ke2 Nc5 14. Bxe6+ Kxe6 15. f3 Na4 16. Rb1 Be7 17. Bd2 Rhd8 18. Rhd1 Nb6 19. Ng4 Rd7 20. Be3 Rxd1 21. Rxd1 Nc8 22. Nh6 b6 23. Nf5 Nd6 24. g4 Nxf5 25. exf5+ $14 {[%mdl 4096] Endgame KRB-KRB} Kf7 26. Rd7 Rc8 27. b4 Ke8 28. Rd1 (28. Rd2 {seems wilder.} c5 29. b5 c4 30. a4 Rd8 31. Ra2) 28... Rd8 29. Rxd8+ Kxd8 {KB-KB} 30. b5 Kd7 31. Kd3 c6 32. Kc4 Kc7 33. a4 Kb7 34. Kd3 h6 35. Ke4 Kc7 36. c4 Bb4 37. Kd3 Kd7 38. Kc2 Kd6 39. Kd3 Kd7 40. Kc2 Kd6 41. Kd3 Kd7 {Weighted Error Value: White=0.06/Black=0.05} 1/2-1/2

[Event "Airthings Masters Preliminary"]
[Site "Online"]
[Date "2020.12.23"]
[Round "7.2"]
[White "Giri, Anish"]
[Black "Anton Guijarro, David"]
[Result "1/2-1/2"]
[WhiteElo "2764"]
[BlackElo "2675"]
[Annotator "TA"]
[PlyCount "114"]
[EventDate "2020.12.26"]
[EventType "tourn"]
[EventCountry "NET"]
[SourceTitle "playchess.com"]
[Source "ChessBase"]
[SourceQuality "1"]

{[%evp 9,114,25,30,29,19,18,18,-3,26,32,12,20,34,26,37,22,11,12,12,12,12,12,12,0,14,9,9,9,6,5,5,3,44,6,7,6,14,8,8,8,8,8,6,8,2,3,8,0,0,0,8,8,14,0,0,0,0,0,0,0,0,0,0,0,0,0,0,0,0,0,0,0,0,0,0,0,0,0,0,0,0,0,0,0,0,0,0,0,0,0,0,0,0,0,0,0,0,0,0,0,0,0,0,0,0,0,0]} 1. d4 Nf6 2. c4 e6 3. Nf3 d5 4. g3 dxc4 5. Bg2 c6 6. a4 {E04: Open Catalan: 5 Nf3.} Bb4+ 7. Bd2 a5 8. Qc2 O-O (8... Be7 {looks sharper.} 9. Qxc4 b6 10. Nc3 Ba6 11. Qb3 Nbd7) 9. Bxb4 axb4 10. Qxc4 Qa5 11. Qc2 b5 {[%cal Rb5a4]} 12. b3 Bb7 {[#]} 13. O-O $146 ({Predecessor:} 13. Nbd2 Nbd7 14. Ne5 Nxe5 15. dxe5 Nd5 16. O-O Nc3 17. Ne4 bxa4 18. Nxc3 bxc3 19. Rxa4 Qxe5 {½-½ (39) Cheparinov,I (2688)-Anton Guijarro,D (2675) Los Cancajos 2020}) 13... Nbd7 14. Nbd2 Qb6 15. Rfc1 Rfc8 16. Qb2 c5 17. axb5 Rxa1 18. Rxa1 {With the idea Nc4.} Qxb5 19. Nc4 {[#] aiming for Nd6.} Ra8 $1 20. dxc5 Qxc5 (20... Nxc5 {is interesting.} 21. Nfe5 Bxg2 22. Kxg2 Qb8 23. f3 Rxa1 24. Qxa1 Nxb3 25. Qd1 Nc5) 21. Nfe5 (21. Ne1 {seems wilder.} Rxa1 22. Qxa1 Bxg2 23. Kxg2 Qc6+ 24. f3) 21... Nxe5 {The position is equal.} 22. Rxa8+ Bxa8 23. Qxe5 Qxe5 24. Nxe5 Be4 25. Bxe4 Nxe4 $11 {[%mdl 4096] Endgame KN-KN} 26. Nd3 Nd2 27. Nc1 Ne4 28. Kf1 Kf8 29. Ke1 Nc5 30. Kd2 Ke7 31. Kc2 Kd6 32. Nd3 Nxd3 33. Kxd3 {KP-KP} Kd5 34. e4+ Kc5 35. e5 Kd5 36. f4 h5 37. h3 f5 38. exf6 gxf6 39. g4 hxg4 40. hxg4 {K3P-K3P} e5 41. g5 {[#] Hoping for g6.} (41. fxe5 {keeps more tension.} Kxe5 42. Ke3 Kd5 43. Kf4 Ke6 44. Ke4) 41... exf4 42. gxf6 {KPP-KPP} Ke6 43. Ke4 Kxf6 {( -> ...Kg5)} 44. Kxf4 {KP-KP} Ke6 45. Ke4 Kd6 46. Kd4 Kc6 47. Kc4 Kb7 48. Kxb4 {KP-K} Kb6 49. Kc4 {Threatening mate with Kb4.} Kc6 50. b4 $1 {[%cal Bb3b4,Bb4b5,Bb5b6][%mdl 32]} Kb6 51. b5 Kb7 52. Kc5 Kc7 53. b6+ $1 Kb7 54. Kb5 Kb8 55. Kc5 Kb7 56. Kb5 Kb8 57. Kc5 Kb7 {Weighted Error Value: White=0.03/Black=0.03} 1/2-1/2

[Event "Airthings Masters Preliminary"]
[Site "Online"]
[Date "2020.12.23"]
[Round "7.3"]
[White "Grischuk, Alexander"]
[Black "Dubov, Daniil"]
[Result "1/2-1/2"]
[WhiteElo "2777"]
[BlackElo "2699"]
[Annotator "TA"]
[PlyCount "93"]
[EventDate "2020.12.26"]
[EventType "tourn"]
[EventCountry "NET"]
[SourceTitle "playchess.com"]
[Source "ChessBase"]
[SourceQuality "1"]

{[%evp 12,93,26,25,37,37,37,27,41,41,46,30,59,42,54,0,12,14,7,12,0,8,42,0,0,0,0,-12,-9,-8,-6,-11,-13,-63,-63,-63,-63,-63,-63,-63,-63,-63,-63,-63,-63,-63,-63,-63,-63,-63,-63,-63,-63,-125,0,-63,-63,-63,-63,-63,-63,-63,-63,-63,-63,-63,-63,-63,-63,-63,-63,-63,-63,-63,-63,-63,-63,-63,0,-63,0,-63,0,-63]} 1. Nf3 Nf6 2. g3 g6 3. c4 b6 4. Bg2 Bb7 5. d4 Bg7 6. O-O O-O 7. d5 {The modern move.} Na6 {A50: Queen's Fianchetto Defence (1 d4 Nf6 2 c4 b6).} 8. Nc3 Nc5 9. Nd4 e5 {White has an edge.} 10. Nb3 d6 11. e4 Bc8 {[#]} 12. Bg5 $146 ({Predecessor:} 12. h3 Nh5 13. Kh2 Bd7 14. Bf3 Kh8 15. Be3 Nf6 16. Bg2 Ng8 17. Qd2 f5 18. exf5 gxf5 {0-1 (84) Martinovic,S (2504)-Kurnosov,I (2653) Aix les Bains 2011}) 12... h6 13. Bxf6 (13. Be3 $14) 13... Qxf6 14. Nxc5 bxc5 15. a3 {[%cal Ba2a3,Ba3a4][%mdl 32]} a5 16. Nb5 Qd8 17. a4 (17. b4 $5) 17... f5 18. exf5 gxf5 19. Qh5 Bd7 20. Rae1 Be8 21. Qe2 h5 22. h4 Qe7 23. Kh2 Bf6 24. Bh3 Bg6 25. Qd2 Qg7 26. b3 Kh8 27. Rg1 Rg8 28. Rg2 Qh7 29. Reg1 Rg7 30. Rf1 Re7 31. Re1 Bg7 32. Rgg1 {[#]} (32. f4 $15) 32... Bf6 (32... f4 $1 $17 33. Be6 (33. gxf4 Bh6 $17) 33... Bh6) 33. Rg2 $1 $15 Qg7 34. Rgg1 e4 35. Ref1 Be5 36. f4 $1 {[%cal Rf4e5]} Bf6 37. Rg2 Qf8 38. Re1 Rg7 39. Re3 Qf7 40. Re1 Qe8 41. Ree2 Re7 42. Re3 Kh7 43. Re1 Qd7 44. Rge2 Qe8 45. Rg2 $1 Qd7 46. Rge2 {[#] Strongly threatening Rxe4!} Qe8 47. Rg2 $1 {Weighted Error Value: White=0.06/Black=0.11} 1/2-1/2

[Event "Airthings Masters Preliminary"]
[Site "Online"]
[Date "2020.12.23"]
[Round "7.5"]
[White "Nepomniachtchi, Ian"]
[Black "Radjabov, Teimour"]
[Result "1/2-1/2"]
[WhiteElo "2784"]
[BlackElo "2765"]
[Annotator "TA"]
[PlyCount "149"]
[EventDate "2020.12.26"]
[EventType "tourn"]
[EventCountry "NET"]
[SourceTitle "playchess.com"]
[Source "ChessBase"]
[SourceQuality "1"]

{[%evp 18,149,26,27,27,27,27,26,31,27,37,22,31,29,33,28,21,25,24,32,52,12,23,20,20,20,12,25,55,39,33,52,78,64,71,77,75,53,61,68,68,74,54,38,38,38,51,38,46,38,39,39,45,28,39,39,54,26,26,26,28,31,33,0,30,0,8,13,8,7,8,16,60,60,70,50,50,50,50,50,50,50,50,50,72,40,56,0,0,0,0,0,0,0,0,0,0,0,0,0,0,0,0,0,0,0,0,0,0,0,0,0,0,0,0,0,0,0,0,0,0,0,0,0,0,0,0,0,0,0,0,0,0,0]} 1. e4 c5 2. Nf3 Nc6 3. Nc3 e5 4. Bc4 Be7 5. d3 d6 6. Nd2 Nf6 7. Nf1 Bg4 8. f3 Be6 9. Ne3 O-O 10. O-O a6 {B30: Sicilian: 2...Nc6 3 Bb5, lines without ...g6.} 11. a4 Nb4 12. Bd2 d5 {White has an edge.} 13. exd5 Nbxd5 14. Nexd5 Nxd5 15. Qe2 {[#]} Re8 $146 ({Predecessor:} 15... Nxc3 16. Bxc3 Bxc4 17. dxc4 f6 18. f4 Bd6 19. fxe5 Bxe5 20. Bxe5 Qe7 21. Rae1 Rae8 {½-½ (27) Gdanski,J (2492)-Johansson,L (2423) Sweden 2016}) 16. Bxd5 ({Reject} 16. Qxe5 {[#]} Bf6 $1 $15) 16... Bxd5 17. Qxe5 Bc6 18. Ne4 Bf8 19. Qc3 Qd5 20. b3 f5 21. Ng3 g6 22. Qb2 b5 23. axb5 axb5 24. Rxa8 Bxa8 25. Re1 Rxe1+ 26. Bxe1 Bc6 27. Bf2 c4 28. bxc4 bxc4 29. d4 Qe6 30. c3 f4 31. Nf1 g5 32. Qb8 Qd6 33. Qc8 Qd7 34. Qa6 Bd5 35. h3 Qe6 36. Qa5 Be7 37. Nd2 Kf7 38. Qc7 Qd6 39. Qc8 Qe6 $1 {[%cal Re6c8]} 40. Qc7 Qd6 41. Qa5 Qe6 42. Qb5 h5 43. Qb1 {White wants to play Qh7+.} Qg6 44. Qb8 Qd6 45. Qh8 {[%cal Rh8h7]} Qg6 46. Ne4 {[%mdl 64] [#] Deflection} (46. Kh1 {keeps more tension.} h4 47. Kh2 Qf5 48. Qb8 Qe6 49. Qb5) 46... Bxe4 47. fxe4 Qxe4 48. Qxh5+ Ke6 49. Qe8 {aiming for Qg8+.} Qb1+ 50. Kh2 {And now d5+! would win.} Qd3 51. Qg8+ Kd7 52. d5 (52. Qd5+ $14 Ke8 53. h4) 52... Qe2 $11 {The position is equal.} 53. Bd4 (53. Kg1 {seems wilder.} Qd1+ 54. Kh2 Qe2) 53... f3 {[%csl Gf3][%cal Re2g2]} 54. Qe6+ $1 Qxe6 55. dxe6+ Kxe6 56. gxf3 {[%mdl 4096] Endgame KB-KB} Kf5 57. Kg2 Bd6 58. Kf2 Bf4 59. Ke2 Bd6 60. Kf2 Bf4 61. Bg7 Kg6 62. Bh8 Kf5 63. Ke2 Bh2 64. Bg7 Bf4 65. Bd4 Bd6 66. Bg7 Bf4 67. Bh8 Bh2 68. Kf1 Bd6 69. Bd4 Bf4 70. Bf2 Be5 71. Be1 Bf6 72. Kf2 Bg7 73. Bd2 Bf6 74. Ke2 Be5 75. Kf2 {Weighted Error Value: White=0.07/Black=0.04} 1/2-1/2

[Event "Airthings Masters Preliminary"]
[Site "Online"]
[Date "2020.12.23"]
[Round "7.6"]
[White "Aronian, Levon"]
[Black "So, Wesley"]
[Result "1/2-1/2"]
[WhiteElo "2781"]
[BlackElo "2770"]
[Annotator "TA"]
[PlyCount "64"]
[EventDate "2020.12.26"]
[EventType "tourn"]
[EventCountry "NET"]
[SourceTitle "playchess.com"]
[Source "ChessBase"]
[SourceQuality "1"]

{[%evp 18,64,10,18,9,8,15,15,11,21,8,8,6,8,8,8,13,7,8,0,0,0,0,0,0,0,0,0,0,0,0,0,0,0,0,0,0,0,0,0,0,0,0,0,0,-6,0,-3,0]} 1. e4 e5 2. Nf3 Nc6 3. Bb5 Nf6 4. O-O Nxe4 5. Re1 Nd6 6. Nxe5 Be7 7. Bf1 Nxe5 8. Rxe5 O-O 9. d4 Bf6 10. Re1 {The position is equal.} Re8 $1 {10...Re8 is better than 10...Nf5. C67: Ruy Lopez: Berlin Defence: 4 0-0 Nxe4.} 11. Bf4 Rxe1 12. Qxe1 Ne8 13. c3 d5 14. Bd3 g6 15. Nd2 {[%cal Bb1d2,Bd2f3,Bf3e5][%mdl 32]} Ng7 16. Nf3 Bf5 17. Bxf5 Nxf5 18. Qe2 c6 19. Re1 Ng7 20. Be5 Bxe5 21. Nxe5 Qd6 22. Qf3 f6 {[#]} 23. Ng4 $146 ({Predecessor:} 23. Nd3 Re8 24. Rxe8+ Nxe8 25. Qe3 Ng7 26. g3 g5 27. a4 Kf7 28. a5 Qe7 29. Qf3 {½-½ (49) Grischuk,A (2777)-Giri,A (2764) Chess.com INT 2020}) 23... Re8 24. Rxe8+ Nxe8 25. g3 h5 26. Qe2 Kf7 27. Ne3 Qe6 28. f3 Nd6 29. Kf2 Qh3 30. Kg1 Qe6 31. Kf2 Qh3 32. Kg1 Qe6 {An uneventful encounter.  Weighted Error Value: White=0.00/Black=0.00} 1/2-1/2